000 00466nam a22001697a 4500
020 _a9788131700846
082 _a004.117 SHA
100 _aAlan Shalloway
245 _aDesign patterns explained: a new perspective on object-oriented design
250 _a2nd ed.
260 _aDelhi
_bPearson
_c2006
300 _a429p.
650 _aObject oriented methods(Computer Science)
650 _aComputer software-development
700 _aJames R. Trott
942 _cBK
999 _c13726
_d13726